Alfabeto griego - ¡Muerte súbita! - Estadísticas

Estadísticas generales
  • Esta prueba ha sido intentada 57 veces
  • La puntuación promedio es 14 de 24
Answers on the Grid
Answers color-coded by a green-red scale on the quiz's grid according to % correct below.
Alfa
Beta
Deka
Delta
Dseta
Echo
Eos
Épsilon
Eta
Fi
Gamma
Gimel
Iota
Ípsilon
Ji
Kappa
Kilo
Lambda
Lemma
Li
Mi
Ni
Omega
Ómicron
Pho
Pi
Psi
Rex
Rhea
Ro
Sau
Sigma
Tau
Vega
Xena
Xi
Xu
Zayin
Zed
Zeta
 
Estadísticas de respuestas
Respuesta % Correcto
Alfa
100%
Beta
100%
Delta
100%
Gamma
84%
Omega
84%
Épsilon
77%
Kappa
72%
Lambda
70%
Pi
67%
Sigma
67%
Eta
60%
Ípsilon
60%
Ómicron
60%
Iota
58%
Zeta
53%
Psi
44%
Fi
40%
Ro
40%
Tau
35%
Xi
33%
Mi
23%
Dseta
21%
Ni
21%
Ji
19%
No se encontraron pruebas coincidentes
Distribución de puntuación
Porcentaje de gente con cada puntuación
Porcentaje por número respondido
Historial de tus puntuaciones
No has intentado esta prueba.